If Flags Were... for the Solar System - Statistics

General Stats
  • This quiz has been taken 448 times
  • The average score is 10 of 12
Answer Stats
Picture Answer % Correct
Sun
99%
Earth
94%
Mars
93%
Saturn
93%
Neptune
92%
Jupiter
90%
Uranus
90%
Moon
89%
Venus
89%
Mercury
86%
Pluto
82%
Asteroid Belt
49%
No matching quizzes found
Score Distribution
Percent of People with Each Score
Percentile by Number Answered
Your Score History
You have not taken this quiz